| 000 | 00426nam a22001697a 4500 | ||
|---|---|---|---|
| 003 | NUST - PNEC | ||
| 005 | 20170116181145.0 | ||
| 008 | 151008b xxu||||| |||| 00| 0 eng d | ||
| 020 | _a9788174092366 | ||
| 040 | _cLIBRARY | ||
| 082 | _a670.42 PAR | ||
| 100 |
_914916 _aParmar, R.S. |
||
| 245 |
_aManufacturing processes _cR.S. Parmar |
||
| 260 | _c2009 | ||
| 650 |
_97071 _aManufacturing processes _xME |
||
| 942 |
_2ddc _cBK |
||
| 999 |
_c70653 _d70653 |
||